| 000 | 00952nam a22003137a 4500 | ||
|---|---|---|---|
| 001 | 10156 | ||
| 003 | FISKH | ||
| 005 | 20260428133946.0 | ||
| 008 | 260428b cb ||||| |||| 00| 0 eng d | ||
| 020 | _a9780462004549 | ||
| 040 |
_aFISKH _beng _cFISKH _dFISKH |
||
| 050 | _aPZ7 | ||
| 082 | _a823.92 | ||
| 100 |
_aKnight, Amy _eAuthor |
||
| 245 |
_aThe big painting / _cWritten by Amy Knight ; Illustrated by Dougal Borman and Lauren Fraser |
||
| 250 | _aFirst published 2008 | ||
| 260 |
_aLondon : _bMarshall Cavendish Limited , _c2008 |
||
| 300 |
_a16 pages : _bcolor illustrations ; _c16 X 19 cm |
||
| 490 |
_aMy Pals Are Here ! Reading Stars : _v1e |
||
| 505 | _aG | ||
| 520 | _aAnimals' paintings. | ||
| 521 | 8 |
_a350
_bLexile estimate |
|
| 521 | 8 |
_aG
_bRaz-Plus |
|
| 650 |
_aPainting _vAnimals |
||
| 650 |
_aChildren _vEarly readers |
||
| 700 |
_aBorman, Dougal _dIllustrator |
||
| 942 |
_2ddc _cBK _n0 |
||
| 999 |
_c10156 _d10156 |
||